| 000 | 00371nam a22001337a 4500 | ||
|---|---|---|---|
| 020 | _a9781639893393 | ||
| 082 |
_a647.95068 _bMOO |
||
| 100 | _aMoore, Charlotte | ||
| 245 |
_aManagement Services Food Beverage Operations / _cCharlotte Moore |
||
| 260 |
_aU.S.A : _bStates Academic Press, _c2021. |
||
| 300 |
_a231 p. ; _c28 cm. |
||
| 563 | _aHBK. | ||
| 942 |
_2ddc _cBK |
||
| 999 |
_c590437 _d590437 |
||